|
|
|
|
| LEADER |
00000nab a2200000 a 4500 |
| 001 |
vtls008936347 |
| 003 |
SK-MaSNL |
| 005 |
20260318123908.0 |
| 008 |
070117c2006 xo qr p 000 c0ukr |
| 015 |
|
|
|a SNBRB2007/01
|
| 038 |
|
|
|a SVKPOCL
|
| 040 |
|
|
|a SVKPOCL
|b slo
|c AACR2
|e AACR2
|
| 041 |
0 |
|
|a ukr
|
| 044 |
|
|
|a xo
|c SK
|
| 080 |
|
|
|a 050(=161)(437.6)
|2 2001
|
| 080 |
|
|
|a 070.48(=161)(437.6)
|2 2001
|
| 080 |
|
|
|a 811.161
|2 2001
|
| 100 |
1 |
|
|a Jabur, Vasiľ,
|d 1936-
|4 aut
|9 111447
|
| 245 |
1 |
0 |
|a Rol' rusyn'skych periodik pry formovanju rusyn'koho jazyka
|c Vasyl' Jabur
|
| 300 |
|
|
|b Fotogr.
|
| 630 |
0 |
7 |
|a Narodny novynky (noviny)
|2 svkpocl
|9 1265009
|
| 630 |
0 |
7 |
|a Rusyn (časopis)
|2 svkpocl
|9 1265012
|
| 648 |
|
7 |
|a 1992-2006
|2 svkpocl
|9 696902
|
| 650 |
0 |
7 |
|a rusínske periodiká
|2 svkpocl
|9 1289142
|
| 650 |
0 |
7 |
|a rusínčina
|2 svkpocl
|9 51510
|
| 651 |
|
7 |
|a Slovensko
|2 svkpocl
|9 14231
|
| 773 |
0 |
|
|t Rusyn
|g Roč. [16], č. 5 (2006), s. 1
|
| 852 |
|
|
|a SVKPO
|b KIS3GCP
|
| 856 |
4 |
1 |
|a www.rusynacademy.sk
|
| 856 |
4 |
1 |
|a rusyn@stonline.sk
|
| 958 |
|
|
|a RN
|
| 958 |
|
|
|a SK
|
| 999 |
|
|
|c 2669489
|d 2671419
|